Statistiken für Beliebteste weibliche Vornamen der 1920er

Klicken Sie hier um das Quiz zu spielen!

Allgemein

  • Dieses Quiz wurde 2.737 mal gespielt
  • Das Durchschnittsergebnis liegt bei 35 aus 99

Antwortstatistiken

Antwort% Korrekt
Anna
88%
Maria
85%
Anne
79%
Elli
76%
Marie
76%
Elisabeth
66%
Hilde
65%
Lisa
65%
Hannah
60%
Inge
58%
Gertrud
56%
Helga
55%
Paula
53%
Ursula
53%
Frieda
52%
Berta
50%
Hildegard
50%
Emma
49%
Erika
49%
Katharina
49%
Olga
49%
Rosa
49%
Eva
46%
Ingrid
45%
Brigitte
44%
Luise
44%
Johanna
43%
Charlotte
42%
Lotte
41%
Magda
41%
Barbara
40%
Gerda
40%
Hannelore
40%
Anni
39%
Klara
39%
Marianne
39%
Emmi
38%
Helene
38%
Martha
38%
Gisela
37%
Marga
37%
Ilse
36%
Renate
36%
Waltraud
36%
Erna
35%
Ruth
35%
Ingeburg
34%
Rita
34%
Ingeborg
33%
Magdalena
33%
Carla
32%
Christa
32%
Dorothea
32%
Ella
32%
Margarethe
32%
Annemarie
31%
Anneliese
30%
Elsa
30%
Grete
30%
Irmgard
28%
Elfriede
27%
Ellen
26%
Else
26%
Lieselotte
26%
Brunhilde
25%
Thea
25%
Hertha
24%
Hilda
24%
Margot
24%
Jutta
23%
Wilma
23%
Dora
22%
Edeltraud
22%
Lore
22%
Rosemarie
22%
Vera
22%
Edith
21%
Hedwig
21%
Christel
20%
Käthe
20%
Sonja
20%
Irma
19%
Lilly
19%
Sigrid
19%
Agnes
17%
Irene
17%
Anita
15%
Elsbeth
15%
Gretchen
15%
Alice
14%
Lidia
14%
Magdalene
14%
Gertraud
13%
Hella
13%
Margareta
13%
Traute
12%
Eleonore
11%
Meta
11%
Walli
11%

Verteilung der Resultate

Perzentil nach korrekt beantworteten Fragen

Anzahl Personen mit jedem Resultat

Ihre Resultats-Entwicklung

Sie haben dieses Quiz noch nicht gespielt